<?xml version="1.0" encoding="UTF-8"?><?xml-stylesheet type="text/xsl" href="static/style.xsl"?><OAI-PMH xmlns="http://www.openarchives.org/OAI/2.0/" xmlns:xsi="http://www.w3.org/2001/XMLSchema-instance" xsi:schemaLocation="http://www.openarchives.org/OAI/2.0/ http://www.openarchives.org/OAI/2.0/OAI-PMH.xsd"><responseDate>2026-04-17T11:27:53Z</responseDate><request verb="GetRecord" identifier="oai:www.recercat.cat:2445/220432" metadataPrefix="marc">https://recercat.cat/oai/request</request><GetRecord><record><header><identifier>oai:recercat.cat:2445/220432</identifier><datestamp>2025-12-04T19:03:39Z</datestamp><setSpec>com_2072_1057</setSpec><setSpec>col_2072_478777</setSpec><setSpec>col_2072_478799</setSpec><setSpec>col_2072_478917</setSpec></header><metadata><record xmlns="http://www.loc.gov/MARC21/slim" xmlns:dcterms="http://purl.org/dc/terms/" xmlns:xsi="http://www.w3.org/2001/XMLSchema-instance" xmlns:doc="http://www.lyncode.com/xoai" xsi:schemaLocation="http://www.loc.gov/MARC21/slim http://www.loc.gov/standards/marcxml/schema/MARC21slim.xsd">
   <leader>00925njm 22002777a 4500</leader>
   <datafield ind2=" " ind1=" " tag="042">
      <subfield code="a">dc</subfield>
   </datafield>
   <datafield ind2=" " ind1=" " tag="720">
      <subfield code="a">Artés, Arnau</subfield>
      <subfield code="e">author</subfield>
   </datafield>
   <datafield ind2=" " ind1=" " tag="720">
      <subfield code="a">Ferrer-Ramos, Pau</subfield>
      <subfield code="e">author</subfield>
   </datafield>
   <datafield ind2=" " ind1=" " tag="720">
      <subfield code="a">Javierre Garcés, Casimiro F.</subfield>
      <subfield code="e">author</subfield>
   </datafield>
   <datafield ind2=" " ind1=" " tag="720">
      <subfield code="a">Viscor Carrasco, Ginés</subfield>
      <subfield code="e">author</subfield>
   </datafield>
   <datafield ind2=" " ind1=" " tag="720">
      <subfield code="a">García Alday, Iker</subfield>
      <subfield code="e">author</subfield>
   </datafield>
   <datafield ind2=" " ind1=" " tag="260">
      <subfield code="c">2025-04-11T15:41:47Z</subfield>
   </datafield>
   <datafield ind2=" " ind1=" " tag="260">
      <subfield code="c">2025-04-11T15:41:47Z</subfield>
   </datafield>
   <datafield ind2=" " ind1=" " tag="260">
      <subfield code="c">2024-04</subfield>
   </datafield>
   <datafield ind2=" " ind1=" " tag="260">
      <subfield code="c">2025-04-11T15:41:47Z</subfield>
   </datafield>
   <datafield ind2=" " ind1=" " tag="520">
      <subfield code="a">Purpose: Intermittent pneumatic compression (IPC) applies gradual pressure to facilitate lymph and blood flow movement to reduce exercise-induced tissue fluid accumulation and plasma volume loss. This study aimed to evaluate the cardiovascular system response during the recovery with IPC compared with passive recovery (Sham).&#xd;
Methods: Sixteen volunteers (7 females and 9 males) executed a cycling-based exhausting sprint interval exercise (8 × 20 s all out), followed by a 30-min IPC or Sham condition. Participants performed two trials in a randomised, counterbalanced, and crossover design. Several cardiovascular parameters (blood pressure, heart function, and peripheral vascular resistance) were recorded at baseline (5ʹ), through the recovery protocol (30ʹ), and afterwards (5ʹ).&#xd;
Results: The use of IPC during the recovery phase led to a faster recovery, stated in relative values to pre-exercise, in mean blood pressure (102.5 ± 19.3% vs. 92.7 ± 12.5%; P &lt; 0.001), and cardiac output (139.8 ± 30.0% vs. 146.2 ± 40.2%; P &lt; 0.05) in comparison to Sham condition. Furthermore, during the IPC-based recovery, there was a slower recovery in cardiac pressure change over time (92.5 ± 25.8% vs. 100.5 ± 48.9%; P &lt; 0.05), and a faster return to pre-exercise values in the peripheral vascular resistance (75.2 ± 25.5% vs. 64.8 ± 17.4%; P &lt; 0.001) compared to Sham.&#xd;
Conclusion: The application of IPC after high-intensity exercise promotes the recovery of the cardiovascular system, reducing cardiovascular strain. Future investigations should consider the effects on the sympathetic-parasympathetic balance, such as heart rate variability, to assess further bonds between the use of IPC and autonomous control.</subfield>
   </datafield>
   <datafield tag="653" ind2=" " ind1=" ">
      <subfield code="a">Exercici</subfield>
   </datafield>
   <datafield tag="653" ind2=" " ind1=" ">
      <subfield code="a">Sistema cardiovascular</subfield>
   </datafield>
   <datafield tag="653" ind2=" " ind1=" ">
      <subfield code="a">Pressió sanguínia</subfield>
   </datafield>
   <datafield tag="653" ind2=" " ind1=" ">
      <subfield code="a">Curses de velocitat</subfield>
   </datafield>
   <datafield tag="653" ind2=" " ind1=" ">
      <subfield code="a">Exercise</subfield>
   </datafield>
   <datafield tag="653" ind2=" " ind1=" ">
      <subfield code="a">Cardiovascular system</subfield>
   </datafield>
   <datafield tag="653" ind2=" " ind1=" ">
      <subfield code="a">Blood pressure</subfield>
   </datafield>
   <datafield tag="653" ind2=" " ind1=" ">
      <subfield code="a">Sprinting</subfield>
   </datafield>
   <datafield ind2="0" ind1="0" tag="245">
      <subfield code="a">Effects of intermittent pneumatic compression on the recovery of cardiovascular parameters after repeated sprint exercise</subfield>
   </datafield>
</record></metadata></record></GetRecord></OAI-PMH>